Saduke top 50 - Statistiques

Statistiques générales
  • Ce quiz a été pris 2 fois
  • Le résultat moyen est 8 sur 49
Statistiques - réponses
Réponse % Correct
Blue lock
100%
Dragon ball z
100%
Hunter x hunter
100%
Jujutsu kaisen
100%
Naruto
100%
Black clover
50%
Frieren
50%
Inazuma eleven
50%
Oshi no ko
50%
Rezero
50%
Viland saga
50%
Ao ashi
0%
A sign of affection
0%
A silent voice
0%
Black butler
0%
Bunny girl senpai
0%
Chainsaw man
0%
Danmashi
0%
Days with my stepsister
0%
Demon slayer
0%
Dongeon Meshi
0%
Dr stone
0%
Fairy tail
0%
Fire force
0%
Great pretender
0%
Haikyuu
0%
Helck
0%
Hells paradise
0%
How a realistic hero rebuilt the kingdome
0%
I want to eat your pancreas
0%
Kaguya sama
0%
Konosuba
0%
L'attaque des titans
0%
Les carnets de l'apothicaire
0%
Mushoku tensei
0%
My dressup darling
0%
My happy mariage
0%
My hero academia
0%
Shangri la frontier
0%
Spice and wolf
0%
Tengoku daimaykiou
0%
The danger in my heart
0%
Tomodachi game
0%
Undead unluck
0%
Violet evergarden
0%
Yatagarasu
0%
Your lie in april
0%
Your name
0%
Zom 100
0%
Aucun quiz correspondant
Distribution des résultats
% des personnes avec chaque résultat
Percentile par nombre de réponses
Votre historique - résultats
Vous n’avez pas pris ce quiz